The Beatles Songs by Antonym - Statistics

General Stats
  • This quiz has been taken 66 times
    7 since last reset
  • The average score is 12 of 15
Answer Stats
Hint Answer % Correct
I'm Not the Fish I Am the Walrus
100%
Blue Aeroplane Yellow Submarine
100%
None My Hatred All My Loving
86%
From You to Me From Me to You
86%
Bad Night Nightfall Good Day Sunshine
86%
Depression is a Cold Knife Happiness is a Warm Gun
86%
Julian Julia
86%
Hate You Don't Love Me Do
86%
Come Forward Get Back
71%
The Outer Darkness The Inner Light
71%
Actions of Hate Words of Love
71%
I Don't Have Good Grip On You You Really Got a Hold On Me
71%
Hinder Help
57%
Hate Me Against Love You To
57%
Sunshine Rain
57%
No matching quizzes found
Score Distribution
Percent of People with Each Score
Percentile by Number Answered
Your Score History
You have not taken this quiz since the last reset